000 00415nam a2200181Ia 4500
001 9994
005 20260306161759.0
008 260306t1971||||xx |||||||||||||| ||spa||
041 _aESP
082 _aPE 869.56
_bP75E
100 _aPolar Ugarteche, Mario
_eAUT
245 0 _aEstampas humanas
260 _c1971
300 _a188 páginas :
_ccm.
650 _aGEN
654 _aCHU
942 _cLIB
_dJUS
_fJUS
_2ddc
_n
999 _c9994
_d9994